Ajuntament d'Igualada : informació municipal informació municipal
Descripción Física:
1 tríptic ; 9 x 20 cm.
Idioma:
Catalán
MARC
| LEADER | 00000nam a22000007a 4500 | ||
|---|---|---|---|
| 001 | 27297 | ||
| 003 | Arxiu | ||
| 005 | 20260324181151.0 | ||
| 008 | 230124b spa||||| |||| 00| 0 cat d | ||
| 017 | |a B 13392-2014 | ||
| 040 | |a agdb |b cat | ||
| 041 | |a cat | ||
| 245 | |a Ajuntament d'Igualada : |b informació municipal | ||
| 260 | |a Barcelona : |b Diputació de Barcelona ; |c 2014 | ||
| 300 | |a 1 tríptic ; |c 9 x 20 cm. | ||
| 650 | 0 | |9 55300 |a Serveis municipals |z Igualada (Catalunya) | |
| 710 | |9 55299 |a Igualada (Catalunya). |b Ajuntament | ||
| 710 | 1 | |a Barcelona (Catalunya : Província). |b Àrea de Territori i Sostenibilitat |9 52770 | |
| 942 | |2 udc |c ARXIU |n 1 | ||
| 952 | |0 0 |1 0 |2 udc |4 0 |6 FU7418 |7 1 |9 65099 |a Arxiu |b Arxiu |d 2023-01-24 |l 0 |o FU-74-18 |p 27297 |r 2023-01-24 00:00:00 |w 2023-01-24 |y ARXIU | ||
| 999 | |c 83000 |d 83000 | ||